000 00297nam a22001457a 4500
003 SGT
020 _a9788190899819
082 _a158.1,ARO
100 _aARORA,ASHOK
245 _aMEET YOURSOUL
260 _aNEW DELHI
_bGYAN
_c2010
300 _a212
650 _aMEET YOURSOUL
942 _2ddc
_cBK
999 _c10363
_d10363